Sports Quiz

Random Sports or MLB Quiz

Silver Sluggers (Catcher) Quiz Stats

 Plays Quiz Updated Nov 9, 2018

Score 0/79 Timer 04:00
2 Plays Today
Year Player % Correct
1993Mike Piazza
94.2%
1994Mike Piazza
94.2%
1995Mike Piazza
94.2%
1996Mike Piazza
94.2%
1997Mike Piazza
94.2%
1998Mike Piazza
94.2%
1999Mike Piazza
94.2%
2000Mike Piazza
94.2%
2001Mike Piazza
94.2%
2002Mike Piazza
94.2%
1994Ivan Rodriguez
93.3%
1995Ivan Rodriguez
93.3%
1996Ivan Rodriguez
93.3%
1997Ivan Rodriguez
93.3%
1998Ivan Rodriguez
93.3%
1999Ivan Rodriguez
93.3%
2004Ivan Rodriguez
93.3%
2017Buster Posey
93.1%
2014Buster Posey
92.8%
2015Buster Posey
92.8%
2012Buster Posey
92.4%
2000Jorge Posada
92.1%
2001Jorge Posada
92.1%
2002Jorge Posada
92.1%
2003Jorge Posada
92.1%
2007Jorge Posada
92.1%
2006Joe Mauer
91.3%
2008Joe Mauer
91.3%
2009Joe Mauer
91.3%
2013Joe Mauer
91.1%
2013Yadier Molina
86.9%
2010Joe Mauer
86.3%
2006Brian McCann
83.4%
2009Brian McCann
83.4%
2008Brian McCann
83.4%
2015Brian McCann
83.3%
2010Brian McCann
78.9%
2011Brian McCann
76.8%
2017Gary Sánchez
75.5%
2005Jason Varitek
73.6%
Year Player % Correct
2018Salvador Pérez
72.8%
1981Gary Carter
71.5%
1982Gary Carter
71.5%
1984Gary Carter
71.5%
1985Gary Carter
71.5%
1986Gary Carter
71.5%
2007Russell Martin
70.9%
2016Salvador Pérez
68.6%
2003Javy Lopez
67.9%
1981Carlton Fisk
64.6%
1985Carlton Fisk
64.6%
1988Carlton Fisk
64.6%
2018J.T. Realmuto
59.7%
2004Victor Martinez
57.7%
1987Benito Santiago
48.4%
1988Benito Santiago
48.4%
1990Benito Santiago
48.4%
1991Benito Santiago
48.4%
1980Lance Parrish
44.2%
1982Lance Parrish
44.2%
1983Lance Parrish
44.2%
1984Lance Parrish
44.2%
1986Lance Parrish
44.2%
1990Lance Parrish
44.2%
1989Craig Biggio
43.9%
2012A. J. Pierzynski
42.3%
1992Darren Daulton
41.9%
2016Wilson Ramos
39.6%
2011Alex Avila
39.3%
2014Yan Gomes
31.9%
1989Mickey Tettleton
31.9%
1991Mickey Tettleton
31.9%
1992Mickey Tettleton
31.9%
1980Ted Simmons
24.8%
1987Matt Nokes
23.3%
2005Michael Barrett
19.8%
1993Mike Stanley
17.1%
1983Terry Kennedy
16.3%
2004Johnny Estrada
13.3%

You're not logged in!

Compare scores with friends on all Sporcle quizzes.
OR
Log In

Sporcle TV

Today on Sporcle TV


Watch our educational content, quiz creation guides, and fun videos on Sporcle TV.

Show Comments

Extras

Top Quizzes Today


Score Distribution

Your Account Isn't Verified!

In order to create a playlist on Sporcle, you need to verify the email address you used during registration. Go to your Sporcle Settings to finish the process.

Report this User

Report this user for behavior that violates our Community Guidelines.

Details: